000 00633nam a2200229Ia 4500
003 OSt
005 20220923223523.0
006 a|||||r|||| 00| 0
007 ta
008 Pun
024 _a218,560
037 _cTextual
040 _aARTS
_cARTS
_bPun
041 _2Pun
_aPun
082 _aO153,3x, N7-;1
100 _aਟਿਵਾਣਾ, ਦਲੀਪ ਕੈਰ
245 0 _aਪੇੇੜਾਂ
260 _aਪਟਿਆਲਾ
_b ਪਬਲੀਕੇFਨ ਬਿਓਰੈ
_c1997
300 _a120
_ccm.
942 _hO153,3x, N7-;1
_cTEXL
_2CC
999 _c365922
_d365922